| 000 | 00802nam a2200241 a 4500 | ||
|---|---|---|---|
| 001 | BRCA_1835 | ||
| 005 | 20190320203553.0 | ||
| 008 | 950323s1994 mx-a---###---#000-0#spa-# | ||
| 020 | _a9687193115 | ||
| 040 |
_aDLC _cDLC _dDLC |
||
| 050 | 4 |
_aNK4698.5 _b.H67 1994 |
|
| 100 | 1 |
_aHorz de Vía, Elena _9499 |
|
| 245 | 1 | 0 |
_aEmpaques de México _cElena Horz de Vía ; reflexiones Germán Dehesa ; fotografía Michel Zabé ; editor Mario de la Torre. |
| 260 |
_aMéxico _bSmurfit Cartón y Papel de México _c1994 |
||
| 300 |
_a196 p. _bil. a color _c33 cm. |
||
| 546 | _aTexto en : español e inglés | ||
| 650 | 1 | 4 |
_aEnvases _zMéxico _95704 |
| 650 | 1 | 4 |
_aEmbalaje _zMéxico _95705 |
| 700 | 1 |
_aDehesa, Germán _95706 |
|
| 700 | 1 |
_aTorre, Mario de la _95707 |
|
| 700 | 1 |
_aZabé, Michel _938 |
|
| 942 |
_2lcc _cB |
||
| 999 |
_c1616 _d1616 |
||